[Event "Mittelfranken-chTB1 1819"]
[Site "Mittelfranken"]
[Date "2019.03.03"]
[Round "6.3"]
[White "Reinholz, Benjamin"]
[Black "Mueller, Stefan"]
[Result "1/2-1/2"]
[WhiteElo "1970"]
[BlackElo "1866"]
[PlyCount "149"]
[EventDate "2018.10.14"]
[EventType "team-tourn"]
[EventRounds "9"]
[EventCountry "GER"]
[SourceTitle "EXT 2022"]
[Source "ChessBase"]
[SourceDate "2021.10.06"]
[SourceVersion "1"]
[SourceVersionDate "2021.10.06"]
[SourceQuality "1"]
[WhiteTeam "Erlangen SC III"]
[BlackTeam "Erlangen Siemens"]
[WhiteTeamCountry "GER"]
[BlackTeamCountry "GER"]

1. e4 e5 2. Nf3 Nf6 3. Bc4 Nxe4 4. Nc3 Nxc3 5. dxc3 f6 6. Nh4 g6 7. 0-0 Qe7 8. Kh1 d6 9. b4 Be6 10. Bxe6 Qxe6 11. f4 Qc4 12. Qe1 Nd7 13. f5 Kf7 14. Bd2 Be7 15. Qg3 Rag8 16. Qh3 g5 17. Nf3 h5 18. Ng1 e4 19. Qe3 Ne5 20. Qxa7 b6 21. Qa4 d5 22. Qb3 Bd6 23. Qxc4 Nxc4 24. Rfd1 Ne5 25. Be1 Ng4 26. Rxd5 Ne3 27. Rd2 Nxf5 28. a4 h4 29. Ne2 Ne3 30. Bf2 Nf5 31. Be1 Ne3 32. Bf2 Ng4 33. Bg1 f5 34. a5 bxa5 35. Rxa5 Kg6 36. Nd4 Bf4 37. Re2 Ra8 38. h3 Rxa5 39. bxa5 Ne5 40. Be3 Bxe3 41. Rxe3 Nc4 42. Re1 Nxa5 43. Ra1 Nc4 44. Ra6+ Nb6 45. Ne6 Ra8 46. Nxc7 Rxa6 47. Nxa6 Kf6 48. Kg1 Ke5 49. Nb4 Na4 50. Nc6+ Kf4 51. c4 e3 52. Nd4 Nc5 53. Kf1 Ke4 54. Nf3 Ne6 55. Ke1 Nd4 56. Nxg5+ Kf4 57. Nf3 Nxc2+ 58. Kd1 Nb4 59. Nxh4 Nc6 60. Nf3 Kg3 61. Ke2 f4 62. c5 Nb4 63. Nd4 Kxg2 64. h4 Nd5 65. c6 Nc3+ 66. Ke1 Nd5 67. h5 f3 68. Nxf3 Kxf3 69. h6 e2 70. h7 Ne3 71. h8Q Ng2+ 72. Kd2 e1Q+ 73. Kd3 Qe4+ 74. Kc3 Qxc6+ 75. Kb4 1/2-1/2

[Event "GER-chT Betriebe 18th"]
[Site "Altenberg Zinnwald"]
[Date "2018.11.10"]
[Round "5.3"]
[White "Bussler, Juergen"]
[Black "Mueller, Stefan"]
[Result "1/2-1/2"]
[WhiteElo "1909"]
[BlackElo "1786"]
[PlyCount "49"]
[EventDate "2018.11.08"]
[EventType "team-swiss"]
[EventRounds "7"]
[EventCountry "GER"]
[SourceTitle "EXT 2020"]
[Source "ChessBase"]
[SourceDate "2019.10.17"]
[SourceVersion "1"]
[SourceVersionDate "2019.10.17"]
[SourceQuality "1"]
[WhiteTeam "Altenberg Europark"]
[BlackTeam "Berlin Tempelhof IV"]
[WhiteTeamCountry "GER"]
[BlackTeamCountry "GER"]

1. c4 c5 2. Nc3 Nc6 3. g3 Nf6 4. Bg2 g6 5. e3 Bg7 6. Nge2 0-0 7. 0-0 e6 8. e4 a6 9. d3 d6 10. Be3 Rb8 11. d4 Ng4 12. Qd2 Nxe3 13. fxe3 cxd4 14. exd4 Nxd4 15. Nxd4 Qb6 16. Rad1 e5 17. Nd5 Qxd4+ 18. Qxd4 exd4 19. Nf6+ Bxf6 20. Rxf6 Be6 21. Rxd4 Rfd8 22. b3 b5 23. cxb5 axb5 24. Rf2 Kf8 25. Rfd2 1/2-1/2

[Event "Mittelfranken-chTB1 1718"]
[Site "Mittelfranken"]
[Date "2018.05.06"]
[Round "9.4"]
[White "Mueller, Stefan"]
[Black "Stephan, Jan"]
[Result "1/2-1/2"]
[WhiteElo "1841"]
[BlackElo "1946"]
[PlyCount "116"]
[EventDate "2017.10.08"]
[EventType "team-tourn"]
[EventRounds "9"]
[EventCountry "GER"]
[SourceTitle "EXT 2022"]
[Source "ChessBase"]
[SourceDate "2021.10.06"]
[SourceVersion "1"]
[SourceVersionDate "2021.10.06"]
[SourceQuality "1"]
[WhiteTeam "Erlangen Siemens"]
[BlackTeam "Gunzenhausen"]
[WhiteTeamCountry "GER"]
[BlackTeamCountry "GER"]

1. e4 c6 2. d4 d5 3. exd5 cxd5 4. Bd3 Nf6 5. c3 Nc6 6. Bg5 e6 7. Nf3 h6 8. Bh4 Be7 9. 0-0 0-0 10. Nbd2 Bd7 11. Rc1 Nh5 12. Bg3 Nxg3 13. hxg3 Bf6 14. Re1 Rc8 15. Ne5 Nxe5 16. dxe5 Bg5 17. f4 Qb6+ 18. Kh2 Be7 19. Re2 d4 20. Nc4 Qc7 21. Nd2 Rfd8 22. Nb3 Ba4 23. c4 Qb6 24. Bb1 Qb4 25. Qd3 g6 26. g4 b5 27. Rec2 bxc4 28. Rxc4 Rxc4 29. Qxc4 Bxb3 30. axb3 Qd2 31. Rf1 Qxb2 32. f5 d3 33. fxg6 Qxe5+ 34. Kh1 fxg6 35. Bxd3 Bd6 36. g3 Kg7 37. Rf3 Bc5 38. Qc2 Qd4 39. Qd1 Rf8 40. Rxf8 Bxf8 41. Qf3 Bc5 42. Kh2 Qg1+ 43. Kh3 Qe3 44. Kg2 Qxf3+ 45. Kxf3 Kf6 46. Ke4 g5 47. Bc4 Bd6 48. Kf3 Ke5 49. Ke3 Bb4 50. Kf2 Kd6 51. Ke2 e5 52. Kf3 Be1 53. Bf7 Kc5 54. Be6 Kd4 55. Bf5 Kc3 56. Be6 Kc2 57. Bf7 Kd1 58. Bd5 Bc3 1/2-1/2

[Event "Mittelfranken-chTB1 1718"]
[Site "Mittelfranken"]
[Date "2018.03.04"]
[Round "6.4"]
[White "Link, Andreas"]
[Black "Mueller, Stefan"]
[Result "1-0"]
[WhiteElo "1979"]
[BlackElo "1841"]
[PlyCount "91"]
[EventDate "2017.10.08"]
[EventType "team-tourn"]
[EventRounds "9"]
[EventCountry "GER"]
[SourceTitle "EXT 2022"]
[Source "ChessBase"]
[SourceDate "2021.10.06"]
[SourceVersion "1"]
[SourceVersionDate "2021.10.06"]
[SourceQuality "1"]
[WhiteTeam "Nuernberg Zabo Eintracht"]
[BlackTeam "Erlangen Siemens"]
[WhiteTeamCountry "GER"]
[BlackTeamCountry "GER"]

1. e4 e5 2. Nf3 Nf6 3. Nxe5 d6 4. Nf3 Nxe4 5. Qe2 Qe7 6. d3 Nf6 7. Nc3 Bg4 8. Be3 Nbd7 9. h3 Bxf3 10. Qxf3 c6 11. 0-0-0 Ne5 12. Qe2 b5 13. f4 Ng6 14. Qf2 Kd8 15. g4 b4 16. Ne4 Nd5 17. Bd2 a5 18. f5 Ne5 19. g5 Qa7 20. d4 Nd7 21. Bd3 a4 22. c4 bxc3 23. Bxc3 Rb8 24. Rhe1 Nb4 25. Bb1 d5 26. Nd2 Bd6 27. a3 Na6 28. Bd3 Nc7 29. Nf3 Nb5 30. Bxb5 Rxb5 31. Qc2 Bf4+ 32. Bd2 Bxd2+ 33. Rxd2 c5 34. Kb1 c4 35. Ne5 Nxe5 36. dxe5 Kc7 37. e6 fxe6 38. fxe6 Qa5 39. Re3 Re8 40. Rf2 Qb6 41. Rf7+ Kc8 42. Qe2 Qd6 43. Rxg7 Rc5 44. Qh5 Rxe6 45. Rg8+ Kb7 46. Qf7+ 1-0

[Event "Mittelfranken-chTB1 1718"]
[Site "Mittelfranken"]
[Date "2017.10.29"]
[Round "2.4"]
[White "Mueller, Stefan"]
[Black "Stertkuhl, Eric"]
[Result "1/2-1/2"]
[WhiteElo "1841"]
[BlackElo "2083"]
[PlyCount "49"]
[EventDate "2017.10.08"]
[EventType "team-tourn"]
[EventRounds "9"]
[EventCountry "GER"]
[SourceTitle "EXT 2022"]
[Source "ChessBase"]
[SourceDate "2021.10.06"]
[SourceVersion "1"]
[SourceVersionDate "2021.10.06"]
[SourceQuality "1"]
[WhiteTeam "Erlangen Siemens"]
[BlackTeam "Postbauer Heng"]
[WhiteTeamCountry "GER"]
[BlackTeamCountry "GER"]

1. e4 d5 2. exd5 Nf6 3. d4 Nxd5 4. c4 Nb6 5. Nc3 g6 6. Be3 Bg7 7. Qd2 Nc6 8. Rd1 0-0 9. d5 Ne5 10. b3 e6 11. Bh6 Qe7 12. Bxg7 Kxg7 13. Qd4 f6 14. d6 cxd6 15. Qxd6 Qxd6 16. Rxd6 Kf7 17. Be2 Ke7 18. Rd2 a5 19. Nf3 Nc6 20. a3 Nd7 21. 0-0 Nc5 22. Rb1 Rd8 23. Rxd8 Kxd8 24. b4 axb4 25. axb4 1/2-1/2

[Event "Mittelfranken-chTB2a 1617"]
[Site "Mittelfranken"]
[Date "2017.02.12"]
[Round "6.4"]
[White "Mueller, Stefan"]
[Black "Strobel, Norbert"]
[Result "1-0"]
[WhiteElo "1841"]
[BlackElo "1918"]
[PlyCount "91"]
[EventDate "2016.10.23"]
[EventType "team-tourn"]
[EventRounds "9"]
[EventCountry "GER"]
[SourceTitle "EXT 2022"]
[Source "ChessBase"]
[SourceDate "2021.10.06"]
[SourceVersion "1"]
[SourceVersionDate "2021.10.06"]
[SourceQuality "1"]
[WhiteTeam "Erlangen Siemens"]
[BlackTeam "Zirndorf II"]
[WhiteTeamCountry "GER"]
[BlackTeamCountry "GER"]

1. e4 c6 2. d4 d5 3. exd5 cxd5 4. Bd3 Nc6 5. c3 g6 6. Nf3 Nh6 7. Bf4 Qb6 8. Qb3 Qxb3 9. axb3 Bf5 10. Bxf5 Nxf5 11. b4 e6 12. b5 Nd8 13. Be5 Rg8 14. Nbd2 Bg7 15. 0-0 f6 16. Bc7 Kd7 17. Bb6 Nd6 18. Bxa7 Nxb5 19. Bb6 Nc6 20. Nb3 Rxa1 21. Nc5+ Kc8 22. Rxa1 Re8 23. Ra8+ Nb8 24. Ra5 Nd6 25. b3 Bf8 26. Ra7 Nb5 27. Ra8 Nxc3 28. Kf1 Bxc5 29. dxc5 Nb5 30. Ra5 Nc7 31. Nd4 e5 32. Bxc7 Kxc7 33. Nb5+ Kc6 34. Na7+ Kd7 35. Rb5 Kc7 36. Rb6 Rf8 37. Nb5+ Kd7 38. b4 Kc8 39. Nd6+ Kd7 40. Rxb7+ Ke6 41. Rxh7 Nd7 42. Rg7 g5 43. g4 Rb8 44. Nf5 Re8 45. Rh7 Nf8 46. Rb7 1-0

[Event "Mittelfranken-chTB2a 1617"]
[Site "Mittelfranken"]
[Date "2017.01.22"]
[Round "5.5"]
[White "Dyroff, Roland"]
[Black "Mueller, Stefan"]
[Result "1/2-1/2"]
[WhiteElo "1808"]
[BlackElo "1841"]
[PlyCount "143"]
[EventDate "2016.10.23"]
[EventType "team-tourn"]
[EventRounds "9"]
[EventCountry "GER"]
[SourceTitle "EXT 2022"]
[Source "ChessBase"]
[SourceDate "2021.10.06"]
[SourceVersion "1"]
[SourceVersionDate "2021.10.06"]
[SourceQuality "1"]
[WhiteTeam "Nuernberg Sued SW IV"]
[BlackTeam "Erlangen Siemens"]
[WhiteTeamCountry "GER"]
[BlackTeamCountry "GER"]

1. e4 e5 2. Nf3 Nf6 3. Nc3 Bb4 4. Bc4 d6 5. Qe2 0-0 6. a3 Ba5 7. b4 Bb6 8. Na4 c6 9. Nxb6 Qxb6 10. d3 Bg4 11. h3 Be6 12. Be3 Qc7 13. Bg5 Nbd7 14. Rd1 h6 15. Bc1 Rae8 16. g4 d5 17. Bb3 dxe4 18. dxe4 Bxb3 19. cxb3 a5 20. g5 hxg5 21. Bxg5 Re6 22. Nh4 g6 23. Rg1 Kh7 24. bxa5 Qxa5+ 25. Bd2 Qxa3 26. Qe3 Ng8 27. Qg5 Qe7 28. Qg3 Ndf6 29. Bg5 Qb4+ 30. Kf1 Nxe4 31. Qg4 Qb5+ 32. Ke1 Nxg5 33. Qxg5 Rf6 34. Rd7 Qb4+ 35. Kf1 Qf4 36. Qxf4 exf4 37. Rxb7 Ra8 38. Ke2 Ra2+ 39. Kf3 Nh6 40. Rf1 g5 41. Ng2 Kg6 42. Rd1 Re6 43. Rb6 Rc2 44. Ne1 Rc3+ 45. Kg2 Nf5 46. Nd3 Nh4+ 47. Kh2 Kf5 48. Ra6 Rd6 49. Ra5+ Kf6 50. Nc5 Rxd1 51. Ne4+ Ke6 52. Nxc3 Rc1 53. Ne2 Rf1 54. Nd4+ Kf6 55. Ra2 c5 56. Nf3 Nxf3+ 57. Kg2 Rb1 58. Kxf3 Rxb3+ 59. Kg4 Ke5 60. Kxg5 Rxh3 61. Re2+ Kd4 62. Kxf4 c4 63. Re7 Kd3 64. Rxf7 c3 65. Kg4 Rh6 66. Rd7+ Ke2 67. Rc7 Kd2 68. Kg5 Rd6 69. f4 c2 70. f5 c1Q 71. Rxc1 Kxc1 72. f6 1/2-1/2

[Event "Mittelfranken-chTB2a 1617"]
[Site "Mittelfranken"]
[Date "2016.10.23"]
[Round "1.6"]
[White "Mueller, Stefan"]
[Black "Classen, Andrej"]
[Result "1-0"]
[WhiteElo "1841"]
[BlackElo "1756"]
[PlyCount "51"]
[EventDate "2016.10.23"]
[EventType "team-tourn"]
[EventRounds "9"]
[EventCountry "GER"]
[SourceTitle "EXT 2022"]
[Source "ChessBase"]
[SourceDate "2021.10.06"]
[SourceVersion "1"]
[SourceVersionDate "2021.10.06"]
[SourceQuality "1"]
[WhiteTeam "Erlangen Siemens"]
[BlackTeam "Buechenbach/Roth II"]
[WhiteTeamCountry "GER"]
[BlackTeamCountry "GER"]

1. e4 Nf6 2. Nc3 d5 3. exd5 Nxd5 4. Bc4 e6 5. Nf3 Nxc3 6. bxc3 Be7 7. 0-0 0-0 8. d4 Nd7 9. Qd3 b6 10. Bf4 Bb7 11. Rfe1 Nf6 12. Ng5 Bd5 13. Ba6 h6 14. Nf3 Nh5 15. Bd2 Bd6 16. Ne5 Bxe5 17. Rxe5 Nf6 18. Qh3 Ne4 19. Be3 Ng5 20. Bxg5 hxg5 21. Bd3 f5 22. c4 g4 23. Qh5 Be4 24. Rxe4 fxe4 25. Bxe4 Qxd4 26. Bh7+ 1-0

[Event "Mittelfranken-chTB1 1415"]
[Site "Mittelfranken"]
[Date "2015.04.19"]
[Round "9.5"]
[White "Mueller, Stefan"]
[Black "Renner, Christian"]
[Result "1/2-1/2"]
[WhiteElo "1847"]
[BlackElo "1900"]
[PlyCount "29"]
[EventDate "2014.09.29"]
[EventType "team-tourn"]
[EventRounds "9"]
[EventCountry "GER"]
[SourceTitle "EXT 2020"]
[Source "ChessBase"]
[SourceDate "2019.10.17"]
[SourceVersion "1"]
[SourceVersionDate "2019.10.17"]
[SourceQuality "1"]
[WhiteTeam "Siemens Erlangen"]
[BlackTeam "Nuernberg NT III"]
[WhiteTeamCountry "GER"]
[BlackTeamCountry "GER"]

1. e4 c5 2. Nf3 Nc6 3. d4 cxd4 4. Nxd4 Nf6 5. Nc3 e5 6. Nf5 d5 7. exd5 Bxf5 8. dxc6 bxc6 9. Qe2 e4 10. Bf4 Be7 11. g3 Qb6 12. Qa6 Bc5 13. Qxb6 axb6 14. Bg2 0-0 15. 0-0 1/2-1/2

[Event "Mittelfranken-chTB2b 1314"]
[Site "Mittelfranken"]
[Date "2013.12.01"]
[Round "3.5"]
[White "Hetzner, Helmut"]
[Black "Mueller, Stefan"]
[Result "1-0"]
[WhiteElo "1861"]
[BlackElo "1847"]
[PlyCount "67"]
[EventDate "2013.10.20"]
[EventType "team-tourn"]
[EventRounds "9"]
[EventCountry "GER"]
[SourceTitle "EXT 2020"]
[Source "ChessBase"]
[SourceDate "2019.10.17"]
[SourceVersion "1"]
[SourceVersionDate "2019.10.17"]
[SourceQuality "1"]
[WhiteTeam "Muehlhof/Schwabach"]
[BlackTeam "Siemens Erlangen"]
[WhiteTeamCountry "GER"]
[BlackTeamCountry "GER"]

1. e4 e5 2. Nf3 Nf6 3. d4 Nxe4 4. Bd3 d5 5. Nxe5 Bd6 6. 0-0 Bxe5 7. dxe5 Nc5 8. Bb5+ c6 9. Be2 0-0 10. b4 Ne4 11. Qd4 f5 12. Bb2 Ng5 13. f4 Ne4 14. c4 Be6 15. Rd1 g5 16. Nc3 gxf4 17. cxd5 cxd5 18. Nxd5 Nc6 19. Nf6+ Kh8 20. Qxd8 Raxd8 21. b5 Na5 22. Nh5 f3 23. gxf3 Rg8+ 24. Kf1 Ng5 25. Nf4 h6 26. h4 Nxf3 27. Bxf3 Bc4+ 28. Kf2 Bxb5 29. e6+ Kh7 30. e7 Rxd1 31. Rxd1 Nc4 32. Bf6 b6 33. Rd8 a5 34. Bd5 1-0

[Event "Mittelfranken-chTB2b 1213"]
[Site "Germany"]
[Date "2013.04.21"]
[Round "8.3"]
[White "Mueller, Stefan"]
[Black "Bauer, Peter4444"]
[Result "1-0"]
[WhiteElo "1909"]
[BlackElo "1745"]
[PlyCount "99"]
[EventDate "2012.10.07"]
[EventType "team-tourn"]
[EventRounds "9"]
[EventCountry "GER"]
[SourceTitle "EXT 2019"]
[Source "ChessBase"]
[SourceDate "2018.10.10"]
[SourceVersion "1"]
[SourceVersionDate "2018.10.10"]
[SourceQuality "1"]
[WhiteTeam "Erlangen Siemens"]
[BlackTeam "Fuerth SG"]
[WhiteTeamCountry "GER"]
[BlackTeamCountry "GER"]

1. e4 c6 2. d4 d5 3. exd5 cxd5 4. Bd3 Nf6 5. h3 e6 6. c3 Nc6 7. Nf3 h6 8. Bf4 Bd6 9. Ne5 0-0 10. Nd2 Bxe5 11. dxe5 Nd7 12. Qh5 f5 13. exf6 Rxf6 14. Bg3 Qf8 15. Bh4 Qf7 16. Qe2 g5 17. Bg3 e5 18. h4 e4 19. Bc2 Nc5 20. hxg5 Nd3+ 21. Bxd3 exd3 22. Qxd3 Bf5 23. Qf3 Re8+ 24. Kf1 hxg5 25. Qh5 Bd3+ 26. Kg1 Qg6 27. Nf3 g4 28. Qxd5+ Kg7 29. Ne5 Qf5 30. Qxd3 Nxe5 31. Qxf5 Rxf5 32. Rh4 Rg5 33. Rd1 Nc6 34. Rd7+ Re7 35. Rxe7+ Nxe7 36. Bf4 Rg6 37. Rh5 Nc6 38. Kh2 Kf6 39. Kg3 Rg8 40. Rh7 Ne7 41. Rh6+ Kf7 42. Rh7+ Kf6 43. Be3 b6 44. Bd4+ Ke6 45. Rh6+ Kf5 46. Rf6+ Kg5 47. Rf7 Nc8 48. Rf4 Kh5 49. Rf5+ Kh6 50. Be3+ 1-0

[Event "Mittelfranken-chTB2b 1213"]
[Site "Germany"]
[Date "2013.01.27"]
[Round "1.3"]
[White "Mueller, Stefan"]
[Black "Seitner, Ralf"]
[Result "0-1"]
[WhiteElo "1909"]
[BlackElo "1877"]
[PlyCount "68"]
[EventDate "2012.10.07"]
[EventType "team-tourn"]
[EventRounds "9"]
[EventCountry "GER"]
[SourceTitle "EXT 2019"]
[Source "ChessBase"]
[SourceDate "2018.10.10"]
[SourceVersion "1"]
[SourceVersionDate "2018.10.10"]
[SourceQuality "1"]
[WhiteTeam "Erlangen Siemens"]
[BlackTeam "Neumarkt"]
[WhiteTeamCountry "GER"]
[BlackTeamCountry "GER"]

1. e4 c6 2. d4 d5 3. exd5 cxd5 4. Bd3 Nc6 5. c3 Nf6 6. Bg5 Bg4 7. Qc2 Rc8 8. h3 Bh5 9. Qa4 Qa5 10. Qxa5 Nxa5 11. Bb5+ Nc6 12. Nd2 a6 13. Bxc6+ Rxc6 14. f4 e6 15. Ngf3 Bxf3 16. Nxf3 Ne4 17. 0-0 Bd6 18. Ne1 h6 19. Bh4 g5 20. fxg5 hxg5 21. Bf2 g4 22. h4 g3 23. Be3 Rxh4 24. Nf3 Rh5 25. Nd2 f5 26. Nxe4 dxe4 27. Rad1 Rc7 28. Rfe1 Rch7 29. Kf1 Rh1+ 30. Bg1 R7h2 31. b4 f4 32. Rxe4 f3 33. Rxe6+ Kd7 34. Rf6 Rxg2 0-1

[Event "Mittelfranken-chTB2b 1213"]
[Site "Germany"]
[Date "2012.11.18"]
[Round "3.3"]
[White "Mueller, Stefan"]
[Black "Reuter, Roland"]
[Result "1/2-1/2"]
[WhiteElo "1909"]
[BlackElo "1947"]
[PlyCount "36"]
[EventDate "2012.10.07"]
[EventType "team-tourn"]
[EventRounds "9"]
[EventCountry "GER"]
[SourceTitle "EXT 2019"]
[Source "ChessBase"]
[SourceDate "2018.10.10"]
[SourceVersion "1"]
[SourceVersionDate "2018.10.10"]
[SourceQuality "1"]
[WhiteTeam "Erlangen Siemens"]
[BlackTeam "Muehlhof/Schwabach"]
[WhiteTeamCountry "GER"]
[BlackTeamCountry "GER"]

1. e4 c5 2. Nf3 d6 3. d4 cxd4 4. Nxd4 Nf6 5. Nc3 g6 6. Bd3 Bg7 7. 0-0 Bd7 8. h3 Nc6 9. Be3 0-0 10. Qd2 a6 11. f4 Rc8 12. f5 b5 13. a3 Ne5 14. Qf2 Nc4 15. Bxc4 Rxc4 16. Rad1 Qa8 17. fxg6 fxg6 18. Qh4 Rf7 1/2-1/2

[Event "Mittelfranken-chTB2b 1112"]
[Site "Germany"]
[Date "2012.03.25"]
[Round "9.4"]
[White "Schoenberger, Andreas"]
[Black "Mueller, Stefan"]
[Result "1/2-1/2"]
[WhiteElo "1815"]
[BlackElo "1909"]
[PlyCount "25"]
[EventDate "2011.09.25"]
[EventType "team-tourn"]
[EventRounds "9"]
[EventCountry "GER"]
[SourceTitle "EXT 2018"]
[Source "ChessBase"]
[SourceDate "2017.10.13"]
[SourceVersion "1"]
[SourceVersionDate "2017.10.13"]
[SourceQuality "1"]
[WhiteTeam "Buechenbach/Roth II"]
[BlackTeam "Erlangen Siemens"]
[WhiteTeamCountry "GER"]
[BlackTeamCountry "GER"]

1. e4 e5 2. Nf3 Nf6 3. Nc3 Bb4 4. d3 d6 5. Bg5 c6 6. Be2 Be6 7. a3 Ba5 8. 0-0 0-0 9. Qd2 Nbd7 10. b4 Bc7 11. Bxf6 Qxf6 12. Qg5 d5 13. Qxf6 1/2-1/2

[Event "Mittelfranken-chTB2a 0809"]
[Site "Mittelfranken"]
[Date "2008.12.07"]
[Round "3.4"]
[White "Mueller, Stefan"]
[Black "Schmitt, Gunther"]
[Result "1-0"]
[WhiteElo "1914"]
[BlackElo "1876"]
[PlyCount "81"]
[EventDate "2008.10.12"]
[EventType "team"]
[EventRounds "9"]
[EventCountry "GER"]
[SourceTitle "EXT 2011"]
[Source "ChessBase"]
[SourceDate "2010.11.26"]
[SourceVersion "1"]
[SourceVersionDate "2010.11.26"]
[SourceQuality "1"]
[WhiteTeam "Erlangen Siemens"]
[BlackTeam "Nuernberg NT V"]
[WhiteTeamCountry "GER"]
[BlackTeamCountry "GER"]

1. e4 c5 2. Nf3 e6 3. d4 cxd4 4. Nxd4 Nf6 5. Bd3 d6 6. Nc3 a6 7. 0-0 b5 8. a3 Bb7 9. Qf3 Nbd7 10. Qg3 Qc7 11. Be3 Nc5 12. f3 g6 13. Rac1 Nh5 14. Qf2 Nxd3 15. cxd3 Qd7 16. f4 f5 17. Nb3 Bg7 18. exf5 exf5 19. Na5 Nf6 20. Bd4 0-0 21. Qh4 Rac8 22. Nxb7 Qxb7 23. Qe1 Rfe8 24. Qd1 Ng4 25. Qb3+ Kh8 26. Bxg7+ Kxg7 27. h3 Qb6+ 28. Kh1 Nf2+ 29. Kh2 Nxd3 30. Rcd1 Nc5 31. Qd5 Rcd8 32. Qd4+ Kf7 33. Nd5 Qb7 34. Qf6+ Kg8 35. Qh4 Ne4 36. Rfe1 Rf8 37. Ne7+ Kg7 38. Nd5 Rd7 39. g4 fxg4 40. hxg4 Qa7 41. Rxe4 1-0

[Event "Rostock op"]
[Site "Rostock"]
[Date "2008.08.30"]
[Round "6"]
[White "Krueger, Alexander"]
[Black "Mueller, Stefan"]
[Result "1/2-1/2"]
[WhiteElo "2055"]
[BlackElo "1684"]
[PlyCount "49"]
[EventDate "2008.08.28"]
[EventType "swiss"]
[EventRounds "7"]
[EventCountry "GER"]
[SourceTitle "CBM 126 Extra"]
[Source "ChessBase"]
[SourceDate "2008.11.05"]
[SourceVersion "1"]
[SourceVersionDate "2008.11.05"]
[SourceQuality "1"]

1. e4 e5 2. Nf3 Nc6 3. d4 exd4 4. Nxd4 Bc5 5. Be3 Qf6 6. c3 Nge7 7. Bc4 d6 8. 0-0 0-0 9. Nb5 Bxe3 10. fxe3 Qg5 11. Nxc7 Bg4 12. Qd2 Ne5 13. Be2 Bxe2 14. Qxe2 Rac8 15. Nd5 Nxd5 16. exd5 Nc4 17. e4 Rfe8 18. b3 Ne3 19. Rf3 Rxe4 20. Nd2 Re5 21. Rg3 Qf4 22. Nf3 Rxd5 23. c4 Rf5 24. Re1 Re8 25. Qd3 1/2-1/2

[Event "Rostock op"]
[Site "Rostock"]
[Date "2008.08.29"]
[Round "3"]
[White "Celmer, Ole"]
[Black "Mueller, Stefan"]
[Result "1/2-1/2"]
[WhiteElo "1410"]
[BlackElo "1684"]
[PlyCount "31"]
[EventDate "2008.08.28"]
[EventType "swiss"]
[EventRounds "7"]
[EventCountry "GER"]
[SourceTitle "CBM 126 Extra"]
[Source "ChessBase"]
[SourceDate "2008.11.05"]
[SourceVersion "1"]
[SourceVersionDate "2008.11.05"]
[SourceQuality "1"]

1. e4 e5 2. Nf3 Nc6 3. Bc4 Bc5 4. c3 Nf6 5. d4 exd4 6. cxd4 Bb4+ 7. Bd2 Bxd2+ 8. Nbxd2 d5 9. exd5 Nxd5 10. 0-0 0-0 11. Nb3 Bg4 12. h3 Bh5 13. Re1 Nb6 14. Be2 Re8 15. Qd2 Qf6 16. Rad1 1/2-1/2

[Event "Mittelfrankenliga-B2a 0708"]
[Site "Mittelfranken"]
[Date "2008.02.17"]
[Round "6.4"]
[White "Mueller, Stefan"]
[Black "Schindele, David"]
[Result "0-1"]
[WhiteElo "1898"]
[BlackElo "1842"]
[PlyCount "100"]
[EventDate "2007.10.14"]
[EventType "team-tourn"]
[EventRounds "9"]
[EventCountry "GER"]
[SourceTitle "EXT 2011"]
[Source "ChessBase"]
[SourceDate "2010.11.26"]
[SourceVersion "1"]
[SourceVersionDate "2010.11.26"]
[SourceQuality "1"]
[WhiteTeam "Erlangen Siemens"]
[BlackTeam "Eckental"]
[WhiteTeamCountry "GER"]
[BlackTeamCountry "GER"]

1. e4 c5 2. Nf3 Nc6 3. d4 cxd4 4. Nxd4 d6 5. Nc3 g6 6. Be3 Bg7 7. Qd2 Nf6 8. h3 Bd7 9. Be2 a6 10. g4 h6 11. f4 Rc8 12. 0-0-0 b5 13. Bf3 Na5 14. g5 hxg5 15. fxg5 b4 16. Nce2 Nc4 17. gxf6 Nxd2 18. fxg7 Rg8 19. Bxd2 Rxg7 20. Bxb4 Qb6 21. Bd2 Rh7 22. h4 Rb8 23. Nb3 a5 24. Nf4 a4 25. Nd5 Qb7 26. Bg5 axb3 27. axb3 Be6 28. e5 Bxd5 29. Bxd5 Qb4 30. exd6 exd6 31. Rde1+ Kf8 32. Rhf1 f5 33. Re6 Ra7 34. Bh6+ Rg7 35. Rfe1 Qd4 36. Bxg7+ Kxg7 37. Re7+ Kh6 38. Bf7 Ra8 39. Kb1 Rf8 40. Bc4 d5 41. Bd3 Qxh4 42. R7e6 Rf6 43. Re8 Kg7 44. c4 Qg3 45. R8e3 Qd6 46. Re8 f4 47. R1e7+ Kh6 48. Rh8+ Kg5 49. Re1 f3 50. Rg1+ Kf4 0-1

[Event "Mittelfrankenliga-B2a 0708"]
[Site "Mittelfranken"]
[Date "2007.10.14"]
[Round "1.4"]
[White "Mueller, Werner5555"]
[Black "Mueller, Stefan"]
[Result "1-0"]
[WhiteElo "1718"]
[BlackElo "1898"]
[PlyCount "57"]
[EventDate "2007.10.14"]
[EventType "team-tourn"]
[EventRounds "9"]
[EventCountry "GER"]
[SourceTitle "EXT 2011"]
[Source "ChessBase"]
[SourceDate "2010.11.26"]
[SourceVersion "1"]
[SourceVersionDate "2010.11.26"]
[SourceQuality "1"]
[WhiteTeam "Erlangen BSGW"]
[BlackTeam "Erlangen Siemens"]
[WhiteTeamCountry "GER"]
[BlackTeamCountry "GER"]

1. Nc3 e5 2. e4 Nf6 3. f4 d6 4. Nf3 Bg4 5. Bc4 Nc6 6. h3 Bxf3 7. Qxf3 Nd4 8. Qd1 Nd7 9. 0-0 Qh4 10. Nd5 0-0-0 11. c3 Ne6 12. f5 Nec5 13. d3 c6 14. Ne3 f6 15. b4 Na6 16. Bxa6 bxa6 17. Qa4 Kb7 18. c4 Nb6 19. Qa5 Be7 20. b5 axb5 21. cxb5 c5 22. a4 Rd7 23. Qa6+ Kb8 24. a5 Bd8 25. axb6 Bxb6 26. Nd5 Rc8 27. Nxb6 axb6 28. Qxb6+ Rb7 29. Qxd6+ 1-0

[Event "Mittelfrankenliga-B2a 0607"]
[Site "Mittelfranken"]
[Date "2007.03.25"]
[Round "8.3"]
[White "Mueller, Stefan"]
[Black "Walther, Reinhard"]
[Result "0-1"]
[WhiteElo "1964"]
[BlackElo "1887"]
[PlyCount "54"]
[EventDate "2006.10.22"]
[EventType "team-tourn"]
[EventRounds "9"]
[EventCountry "GER"]
[SourceTitle "EXT 2011"]
[Source "ChessBase"]
[SourceDate "2010.11.26"]
[SourceVersion "1"]
[SourceVersionDate "2010.11.26"]
[SourceQuality "1"]
[WhiteTeam "Erlangen Siemens"]
[BlackTeam "Herzogenaurach"]
[WhiteTeamCountry "GER"]
[BlackTeamCountry "GER"]

1. e4 d6 2. d4 Nf6 3. Bc4 g6 4. Nc3 Bg7 5. Nf3 0-0 6. Qe2 Bg4 7. h3 Bxf3 8. Qxf3 Nc6 9. Be3 a6 10. a4 e5 11. dxe5 Nxe5 12. Qe2 Nxc4 13. Qxc4 b5 14. Qb3 Re8 15. f3 Nd7 16. 0-0 c6 17. axb5 axb5 18. Ne2 Qc7 19. Rxa8 Rxa8 20. Rd1 Ne5 21. c3 Nc4 22. Bf4 Be5 23. Bxe5 dxe5 24. Ng3 Qb6+ 25. Kh2 Qf2 26. Qb4 Ne3 27. Rg1 Ra1 0-1